000
00278nam a2200121Ia 4500
008
190216s9999||||xx |||||||||||||| ||und||
100
_a
Amrutha Preetham
245
0
_a
Oru Dhukkasathyam
260
_b
C I C C Book House
_c
1978
300
_a
131p
650
_a
Novel
942
_c
BK
999
_c
26485
_d
26485